| 000 | 00632nam a22001937a 4500 | ||
|---|---|---|---|
| 005 | 20170124110140.0 | ||
| 010 | _aB-161902 | ||
| 020 |
_c95.00 _a8189093142 |
||
| 035 | _aB-161902 | ||
| 037 | _bCen Lib/Ret | ||
| 082 |
_a641.03 _bDIC |
||
| 245 |
_aIllustrated dictionary of banking finance & accounting / _ccompiled and edited by Alexander Fredrick |
||
| 260 |
_aNew Delhi _bLotus press _c2005 |
||
| 270 |
_bNew Delhi _a4262/3 _e110002 |
||
| 300 |
_a208p. _c20cm(pbk) |
||
| 650 |
_aBankin, finance and accounting _vDictionay _932698 |
||
| 700 |
_aFredrick, Alexadander _932699 |
||
| 942 |
_2ddc _cEN _h641.03 _mDIC |
||
| 999 |
_c131762 _d131762 |
||